Global Commercial Property Monitor (Record no. 121779)

MARC details
000 -LEADER
fixed length control field 01339nam a22002057a 4500
008 - FIXED-LENGTH DATA ELEMENTS--GENERAL INFORMATION
fixed length control field 240126s2024 xxk|||||o|||| 00| 0 eng d
041 ## - LANGUAGE CODE
Language code of text/sound track or separate title eng
110 ## - MAIN ENTRY--CORPORATE NAME
Corporate author Royal Institution of Chartered Surveyors
245 ## - TITLE STATEMENT
Title Global Commercial Property Monitor
Subtitle Q4 2023
Medium [Electronic resource]
260 ## - PUBLICATION INFORMATION
Place of publication London,
Publisher Royal Institution of Chartered Surveyors,
Date January 2024
490 ## - SERIES TITLE
Series statement RICS Global Commercial Property Monitor
Volume Q4 2023
520 ## - ABSTRACT
Abstract Outlook for CRE remains mixed with MEA and parts of APAC viewed as likely to outperform. <br/>RICS Commercial Property Sentiment Index remains negative and little changed from Q3 at a headline level. <br/>Modest signs of improvement evident across some of the more mature markets albeit the better readings are still generally tentative. <br/>Feedback from MEA continues to strengthen but aggregate APAC sentiment deteriorates.
650 ## - KEYWORDS
Keywords COMMERCIAL PROPERTY
651 ## - SUBJECT ADDED ENTRY--GEOGRAPHIC NAME
Geographic name International
690 ## - BROAD SUBJECT
9 (RLIN) 6227
Broad subject Commercial property
710 ## - ADDED CORPORATE NAME
Added corporate author Royal Institution of Chartered Surveyors
856 ## - ONLINE RESOURCE
Uniform Resource Identifier <a href="https://www.rics.org/content/dam/ricsglobal/documents/market-surveys/global-commercial-property-monitors/rics-gcpm-q4-2023.pdf">https://www.rics.org/content/dam/ricsglobal/documents/market-surveys/global-commercial-property-monitors/rics-gcpm-q4-2023.pdf</a>
Public note Available on RICS.org
856 ## - ONLINE RESOURCE
Uniform Resource Identifier <a href="https://www.rics.org/profession-standards/knowledge-and-information-services">https://www.rics.org/profession-standards/knowledge-and-information-services</a>
Public note If archived please email [email protected]
942 ## - ADDED ENTRY ELEMENTS (KOHA)
Suppress in OPAC Do not suppress in OPAC
Holdings
Lost status Damaged status Not for loan Current library Shelving location Date acquired Total Checkouts Full call number Date last seen Price effective from Koha item type
      Virtual Online 26/01/2024   PROPERTY MARKET DATA 26/01/2024 26/01/2024 Online material